Pinniped Species of the World - Statistics

General Stats
  • This quiz has been taken 211 times
  • The average score is 15 of 21
Answer Stats
Population size Species % Correct
112.500 Walrus
87%
315.000 Harbor seal
85%
18.000 Leopard seal
83%
200.000 Grey seal
82%
110.000 Northern elephant seal
82%
500.000 Sea lions (6 species)
82%
325.000 Southern elephant seal
81%
600 Hawaiian monk seal
76%
350 Mediterranean monk seal
75%
3.100.000 Fur seals (8 species)
74%
1.450.000 Ringed seal
71%
4.500.000 Harp seal
69%
183.000 Ribbon seal
66%
54.000 Baikal seal
63%
4.000.000 Crabeater seal
63%
340.000 Hooded seal
61%
320.000 Spotted seal
61%
300.000 Weddell seal
59%
unknown Bearded seal
57%
68.000 Caspian seal
56%
40.000 Ross seal
47%
No matching quizzes found
Score Distribution
Percent of People with Each Score
Percentile by Number Answered
Your Score History
You have not taken this quiz